LEADER 01431nam--2200421---450- 001 990000406370203316 005 20090225150702.0 010 $a88-204-7684-3 035 $a0040637 035 $aUSA010040637 035 $a(ALEPH)000040637USA01 035 $a0040637 100 $a20010419d1993----km-y0itay0103----ba 101 $aita 102 $aIT 105 $a||||||||001yy 200 1 $a<> industria del viaggio organizzato$eproblematiche e nuove tendenze di produzione e commercializzazione del prodotto turistico$fAdriano Biella 210 $aMilano$cF. Angeli$d1993 215 $a203 p.$d22 cm 225 2 $aStudi e ricerche sul turismo$v25 300 $aIn testa al front.: Centro italiano di studi superiori sul turismo, Assisi 410 $12001$aStudi e ricerche sul turismo$v25 461 1$1001-------$12001 606 0 $aCrociere turistiche 606 0 $aTurismo personale specializzato$xFormazione professionale 676 $a338.4791 700 1$aBIELLA,$bAdriano$0282709 801 0$aIT$bsalbc$gISBD 912 $a990000406370203316 951 $a338.479 BIE 2 (IEP V 185)$b2873 G.$cIEP V$d00198884 959 $aBK 969 $aECO 979 $aPATTY$b90$c20010419$lUSA01$h1346 979 $c20020403$lUSA01$h1648 979 $aPATRY$b90$c20040406$lUSA01$h1628 979 $aRSIAV3$b90$c20090225$lUSA01$h1507 996 $aIndustria del viaggio organizzato$9874478 997 $aUNISA LEADER 02244nam 2200577 a 450 001 9910465298103321 005 20200520144314.0 010 $a1-283-09340-5 010 $a9786613093400 010 $a0-8389-9199-8 035 $a(CKB)2560000000071601 035 $a(EBL)675853 035 $a(OCoLC)712047507 035 $a(SSID)ssj0000471297 035 $a(PQKBManifestationID)12159903 035 $a(PQKBTitleCode)TC0000471297 035 $a(PQKBWorkID)10428096 035 $a(PQKB)11359357 035 $a(MiAaPQ)EBC675853 035 $a(Au-PeEL)EBL675853 035 $a(CaPaEBR)ebr10469324 035 $a(CaONFJC)MIL309340 035 $a(EXLCZ)992560000000071601 100 $a20100212d2011 uy 0 101 0 $aeng 135 $aur|n|---||||| 181 $ctxt 182 $cc 183 $acr 200 10$aMentoring in the library$b[electronic resource] $ebuilding for the future /$fMarta K. Lee 210 $aChicago $cAmerican Library Association$d2011 215 $a1 online resource (135 p.) 225 1 $aALA guides for the busy librarian 300 $aDescription based upon print version of record. 311 $a0-8389-3593-1 320 $aIncludes bibliographical references and index. 327 $aIntroduction to mentoring -- Mentoring internships -- Mentoring and library school assignments -- Should I become a librarian? -- Developing the new librarian in the work place -- Mentoring for promotion -- Volunteers in libraries and librarians as volunteers -- Mentoring librarians electronically -- Other kinds of mentoring in the library field -- Conclusions. 330 $aNoted reference librarian and researcher Lee offers librarians at all levels both her experience and her ideas about establishing a formal mentoring process at the library 410 0$aALA guides for the busy librarian. 606 $aMentoring in library science$zUnited States 608 $aElectronic books. 615 0$aMentoring in library science 676 $a020.71/55 700 $aLee$b Marta K$0876678 801 0$bMiAaPQ 801 1$bMiAaPQ 801 2$bMiAaPQ 906 $aBOOK 912 $a9910465298103321 996 $aMentoring in the library$91957557 997 $aUNINA LEADER 01220nam a2200265 i 4500 001 991001363569707536 005 20020507124912.0 008 991006s1\c\ it ||| | ita 020 $a881405648X$c48000 035 $ab10210295-39ule_inst 035 $aLE02984537$9ExL 040 $aISUFI - Sett. Diritti e Politiche Euromediterranee$bita 082 0 $a341.75 100 1 $aBonell, Michael Joachim$0226472 245 13$aUn codice internazionale del diritto dei contratti :$bi principi UNIDROIT dei contratti commerciali internazionali /$cMichael Joachim Bonell 260 $aMilano :$bGiuffrè,$c1c995 300 $a452 p. ;$c24 cm 500 $aIn appendice: Testo dei principi UNIDROIT dei contratti commerciali internazionali, nella versione inglese, francese, italiana, spagnola, tedesca, araba, cinese, russa 650 4$aContratti commerciali$xDiritto internazionale 907 $a.b10210295$b02-04-14$c27-06-02 912 $a991001363569707536 945 $aLE029 341.75 BON01.01$g1$iLE029-0162$lle029$o-$pE0.00$q-$rn$so $t0$u0$v0$w0$x0$y.i10258851$z27-06-02 996 $aCodice internazionale del diritto dei contratti$968408 997 $aUNISALENTO 998 $ale029$b01-01-99$cm$da $e-$fita$git $h3$i1